Tertiary rhynchophorous Coleoptera of the United States. (Record no. 24294)

MARC details
000 -LEADER
fixed length control field 00890cam a22002531 4500
001 - CONTROL NUMBER
control field gs 05000807
003 - CONTROL NUMBER IDENTIFIER
control field DLC
005 - DATE AND TIME OF LATEST TRANSACTION
control field 20260227111302.0
008 - FIXED-LENGTH DATA ELEMENTS--GENERAL INFORMATION
fixed length control field 730206s1893 dcuf 000 0 eng
010 ## - LIBRARY OF CONGRESS CONTROL NUMBER
LC control number gs 05000807
035 ## - SYSTEM CONTROL NUMBER
System control number (OCoLC)553275
040 ## - CATALOGING SOURCE
Original cataloging agency DLC
Transcribing agency ODaWU
Modifying agency OCoLC
-- DLC
043 ## - GEOGRAPHIC AREA CODE
Geographic area code n-us---
050 00 - LIBRARY OF CONGRESS CALL NUMBER
Classification number QE75
Item number .M7 vol. 21
051 ## - LIBRARY OF CONGRESS COPY, ISSUE, OFFPRINT STATEMENT
Classification number QE832.C6
Item number S4
100 1# - MAIN ENTRY--PERSONAL NAME
Personal name Scudder, Samuel Hubbard,
Dates associated with a name 1837-1911.
245 10 - TITLE STATEMENT
Title Tertiary rhynchophorous Coleoptera of the United States.
260 ## - PUBLICATION, DISTRIBUTION, ETC.
Place of publication, distribution, etc. Washington,
Name of publisher, distributor, etc. Govt. print. off.,
Date of publication, distribution, etc. 1893.
300 ## - PHYSICAL DESCRIPTION
Extent 206 p.
410 20 - SERIES STATEMENT/ADDED ENTRY--CORPORATE NAME [OBSOLETE, CAN/MARC], [LOCAL, USA]
Corporate name or jurisdiction name as entry element Geological Survey (U.S.).
Title of a work Monographs,
Volume number/sequential designation v. 21
500 ## - GENERAL NOTE
General note Another issue. 52nd Cong., 2d sess. House. Mis. doc. 118. Added t.p.: The miscellaneous documents of the House of Representatives ... 1892-'93. v. 27. 1894.
650 #0 - SUBJECT ADDED ENTRY--TOPICAL TERM
Topical term or geographic name entry element Beetles, Fossil
Geographic subdivision United States.
650 #0 - SUBJECT ADDED ENTRY--TOPICAL TERM
Topical term or geographic name entry element Paleontology
Chronological subdivision Tertiary.

No items available.

Powered by Koha